Gimnasia correctiva / (Record no. 67716)

MARC details
000 -LEADER
campo de control de longitud fija 00599nam a2200181 i 4500
001 - NÚMERO DE CONTROL
campo de control 67716
003 - IDENTIFICADOR DE NÚMERO DE CONTROL
campo de control ES-MaACL
005 - FECHA Y HORA DE LA ÚLTIMA TRANSACCIÓN
campo de control 20230906170133.0
007 - CAMPO FIJO DE DESCRIPCIÓN FÍSICA--INFORMACIÓN GENERAL
campo de control de longitud fija t|
008 - DATOS DE LONGITUD FIJA--INFORMACIÓN GENERAL
campo de control de longitud fija 040203s1972 sp ||||1| spa d
100 1# - ENTRADA PRINCIPAL--NOMBRE DE PERSONA
Nombre de persona Galopin, Roger.
9 (RLIN) 53667
245 10 - MENCIÓN DEL TÍTULO
Título Gimnasia correctiva /
Mención de responsabilidad, etc. por Roger Galopin ; [traducción de José Rovira Sánchez ; revisión Carlos Ramón Marsal].
260 ## - PUBLICACIÓN, DISTRIBUCIÓN, ETC.
Lugar de publicación, distribución, etc. Barcelona :
Nombre del editor, distribuidor, etc. Hispano Europea,
Fecha de publicación, distribución, etc. [1972]
300 ## - DESCRIPCIÓN FÍSICA
Extensión 506 p. :
Otras características físicas il. ;
Dimensiones 21 cm.
700 1# - ENTRADA AGREGADA--NOMBRE PERSONAL
Nombre de persona Rovira Sánchez, José.
9 (RLIN) 100155
700 1# - ENTRADA AGREGADA--NOMBRE PERSONAL
Nombre de persona Marsal, Carlos Ramón.
9 (RLIN) 77102
852 ## - LOCALIZACIÓN
Ubicación ES-MaACL
Número de control de estantería C-48022
Sublocalización o colección R.82309
Holdings
Estatus retirado Estado de pérdida Estado de daño No para préstamo Biblioteca de origen Biblioteca actual Ubicación en estantería Fecha de adquisición Fuente de adquisición Total de préstamos Signatura topográfica completa Código de barras Visto por última vez Precio de reemplazo Tipo de ítem Koha
        Biblioteca del Ateneo de Madrid Biblioteca del Ateneo de Madrid Depósito 2 17/01/2008     C-48022 1070898 23/02/2023 23/02/2023 Libro impreso